Statistics for Guess the Logo zoomed in (Easy Version)

Click here to take the quiz!

General Stats

  • This quiz has been taken 1,056 times
  • The average score is 7 of 8

Answer Stats

Answer% Correct
Youtube
96%
Instagram
95%
Tesla
94%
Spotify
91%
Target
87%
Visa
83%
National Geographic
70%
Apple
39%

Score Distribution

Percentile by Number Answered

Percent of People with Each Score

Your Score History

You have not taken this quiz